England in Europe : English royal women and literary patronage, c.1000-c.1150 /

"In England in Europe, Elizabeth Tyler focuses on two histories: the Encomium Emmae Reginae, written for Emma the wife of Æthelred II and Cnut, and The Life of King Edward, written for Edith the wife of Edward the Confessor. Tyler offers a bold literary and historical analysis of both texts and...

Full description

Bibliographic Details
Main Author: Tyler, E. M. (Elizabeth M.), 1965- (Author)
Corporate Author: JSTOR (Organization)
Format: eBook
Language:English
Language Notes:In English.
Published: Toronto ; Buffalo ; London : University of Toronto Press, 2017.
Series:Toronto Anglo-Saxon series ; 23.
Subjects:
Online Access:Connect to the full text of this electronic book

MARC

Tag First Indicator Second Indicator Subfields
LEADER 00000cam a2200000 i 4500
001 in00004635139
006 m o d
007 cr cnu---unuuu
008 170501s2017 onc ob 001 0deng d
005 20230103223411.1
035 |a (OCoLC)ocn984991708 
040 |a JSTOR  |b eng  |e rda  |e pn  |c JSTOR  |d ORE  |d N$T  |d YDX  |d CELBN  |d OCLCQ  |d IOG  |d VT2  |d W2U  |d UPM  |d JSTOR  |d TFW  |d BAB  |d DEGRU  |d IAA  |d LOA  |d CHVBK  |d LND  |d MERER  |d VFL  |d UAB  |d OCLCQ  |d ICG  |d U3W  |d OAPEN  |d OCLCQ  |d SNK  |d BTN  |d UKKNU  |d KF5  |d OCLCF  |d ICN  |d CEF  |d BIBBD  |d IGB  |d ZQP  |d AUW  |d MHW  |d INTCL  |d OCLCQ  |d AU@  |d CUY  |d ESU  |d A6Q  |d G3B  |d LVT  |d WYU  |d UWO  |d S8I  |d S8J  |d S9I  |d TKN  |d OCLCQ  |d YOU  |d OCLCQ  |d STF  |d D6H  |d TXR  |d AGLDB  |d U3G  |d DKC  |d OCLCO  |d CNTRU  |d M8D  |d CNMTR  |d UKAHL  |d OTZ  |d C6I  |d OCLCQ  |d RDF  |d S2H  |d OCLCO  |d K6U  |d OCL  |d MM9  |d OCLCQ  |d OCLCO  |d OCLCQ 
066 |c (N  |c (Q 
019 |a 985479248  |a 1005792703  |a 1013723884  |a 1023564236  |a 1066672621  |a 1066690572  |a 1067250939  |a 1107371710 
020 |a 9781442685956  |q (electronic bk.) 
020 |a 1442685956  |q (electronic bk.) 
020 |a 9781487514723  |q (electronic bk.) 
020 |a 1487514727  |q (electronic bk.) 
020 |z 9781442640726 
020 |z 1442640723 
035 |a (OCoLC)984991708  |z (OCoLC)985479248  |z (OCoLC)1005792703  |z (OCoLC)1013723884  |z (OCoLC)1023564236  |z (OCoLC)1066672621  |z (OCoLC)1066690572  |z (OCoLC)1067250939  |z (OCoLC)1107371710 
037 |a 22573/ctt1p7jz72  |b JSTOR 
037 |a 22573/ctt1wfqd7b  |b JSTOR 
037 |a 100147  |b Knowledge Unlatched 
043 |a e-uk-en  |a e------ 
050 4 |a DA160  |b .T95 2017eb 
055 1 0 |a DA160  |b T95 2017 
072 7 |a LIT004120  |2 bisacsh 
072 7 |a LIT011000  |2 bisacsh 
072 7 |a HIS037010  |2 bisacsh 
082 0 4 |a 942.01/90922  |2 23 
084 |a cci1icc  |2 lacc 
084 |a coll13  |2 lacc 
049 |a TXAM 
100 1 |a Tyler, E. M.  |q (Elizabeth M.),  |d 1965-  |e author. 
245 1 0 |a England in Europe :  |b English royal women and literary patronage, c.1000-c.1150 /  |c Elizabeth M. Tyler. 
264 1 |a Toronto ;  |a Buffalo ;  |a London :  |b University of Toronto Press,  |c 2017. 
300 |a 1 online resource (xiii, 436 pages) 
336 |a text  |b txt  |2 rdacontent 
337 |a computer  |b c  |2 rdamedia 
338 |a online resource  |b cr  |2 rdacarrier 
490 1 |a Toronto Anglo-Saxon series ;  |v 23 
504 |a Includes bibliographical references (pages 367-413) and index. 
520 |6 880-01  |a "In England in Europe, Elizabeth Tyler focuses on two histories: the Encomium Emmae Reginae, written for Emma the wife of Æthelred II and Cnut, and The Life of King Edward, written for Edith the wife of Edward the Confessor. Tyler offers a bold literary and historical analysis of both texts and reveals how the two queens actively engaged in the patronage of history-writing and poetry to exercise their royal authority. Tyler's innovative combination of attention to intertextuality and regard for social networks emphasizes the role of women at the centre of Anglo-Saxon and Anglo-Norman court literature. In doing so, she argues that both Emma and Edith's negotiation of conquests and factionalism created powerful models of queenly patronage that were subsequently adopted by individuals such as Queen Margaret of Scotland, Countess Adela of Blois, Queen Edith/Matilda, and Queen Adeliza. England in Europe sheds new light on the connections between English, French, and Flemish history-writing and poetry and illustrates the key role Anglo-Saxon literary culture played in European literature long after 1066"--  |c Provided by publisher 
588 0 |a Print version record. 
505 0 |6 880-02  |a 1. Vernacular foundations -- 2. Fictions of family: the Encomium Emmae Reginae and Virgil's Aeneid -- 3. Talking about history: the Encomium Emmae reginae and the Court of Harthacnut -- 4. The politics of allusion in eleventh-century England: classical poets and the Vita Ædwardi -- 5. Reading through the conquest -- 6. The women of 1066 -- 7. Edith Becomes Matilda -- Conclusion: endings and beginnings. 
505 0 |a Cover -- Copyright -- Dedication -- Contents -- Note on Translations and Referencing -- Acknowledgments -- List of Abbreviations -- Geneaological Table -- Introduction -- 1 Vernacular Foundations -- 2 Fictions of Family: The Encomium Emmae reginae and Virgil's Aeneid -- 3 Talking about History: The Encomium Emmae reginae and the Court of Harthacnut -- 4 The Politics of Allusion in Eleventh-Century England: Classical Poets and the Vita Ædwardi -- 5 Reading through the Conquest -- 6 The Women of 1066 -- 7 Edith Becomes Matilda -- Conclusion: Endings and Beginnings -- Bibliography -- Index. 
546 |a In English. 
542 1 |f This work is licensed by Knowledge Unlatched under a Creative Commons license  |u https://creativecommons.org/licenses/by-nc-nd/4.0/legalcode 
600 0 0 |a Emma,  |c Queen, consort of Canute I, King of England,  |d -1052. 
600 0 0 |a Edith,  |c Queen, consort of Edward, King of England,  |d approximately 1020-1075. 
630 0 0 |a Encomium Emmae Reginae. 
630 0 0 |a Vie d'Edouard le Confesseur. 
600 0 7 |a Edith,  |c Queen, consort of Edward, King of England,  |d approximately 1020-1075.  |2 fast  |0 (OCoLC)fst01817009 
600 0 7 |a Emma,  |c Queen, consort of Canute I, King of England,  |d -1052.  |2 fast  |0 (OCoLC)fst01817376 
630 0 7 |a Encomium Emmae Reginae.  |2 fast  |0 (OCoLC)fst01366567 
650 0 |a Women  |z England  |x History  |y Middle Ages, 500-1500. 
650 0 |a Literary patrons  |z England  |x History. 
650 0 |a Politics and literature  |x History. 
650 0 |a European literature  |x English influences. 
650 0 |a Queens  |z Great Britain  |v Biography. 
650 0 |a Normans  |z Great Britain  |v Biography. 
650 4 |a DISCOUNT-B. 
650 6 |a Femmes  |z Angleterre  |x Histoire  |y 500-1500 (Moyen Âge) 
650 6 |a Mécènes de la littérature  |z Angleterre  |x Histoire. 
650 6 |a Politique et littérature  |x Histoire. 
650 6 |a Littérature européenne  |x Influence anglaise. 
650 6 |a Normands (Français)  |z Grande-Bretagne  |v Biographies. 
650 7 |a LITERARY CRITICISM  |x European  |x English, Irish, Scottish, Welsh.  |2 bisacsh 
650 7 |a Literary patrons.  |2 fast  |0 (OCoLC)fst00999944 
650 7 |a Normans.  |2 fast  |0 (OCoLC)fst01039127 
650 7 |a Politics and literature.  |2 fast  |0 (OCoLC)fst01069960 
650 7 |a Queens.  |2 fast  |0 (OCoLC)fst01085637 
650 7 |a Women  |x Middle Ages.  |2 fast  |0 (OCoLC)fst01907280 
651 7 |a England.  |2 fast  |0 (OCoLC)fst01219920 
651 7 |a Great Britain.  |2 fast  |0 (OCoLC)fst01204623 
648 7 |a 500-1500  |2 fast 
655 7 |a Electronic books.  |2 local 
655 7 |a Biographies.  |2 fast  |0 (OCoLC)fst01919896 
655 7 |a History.  |2 fast  |0 (OCoLC)fst01411628 
655 7 |a Biographies.  |2 lcgft 
710 2 |a JSTOR (Organization) 
776 0 8 |i Print version:  |a Tyler, E.M. (Elizabeth M.), 1965-  |t England in Europe.  |d Toronto ; Buffalo ; London : University of Toronto Press, 2017  |z 9781442640726  |w (OCoLC)968345405 
830 0 |a Toronto Anglo-Saxon series ;  |v 23. 
856 4 0 |u https://www.jstor.org/stable/10.3138/j.ctt1whm96v  |z Connect to the full text of this electronic book  |t 0 
880 0 |6 505-02/(N  |a 1. Vernacular Foundations -- 2. Fictions of Family: The Encomium Emmae reginae and Virgil's Aeneid -- 3. Talking about History: The Encomium Emmae reginae and the Court of Harthacnut -- 4. The Politics of Allusion in Eleventh-Century England: Classical Poets and the Vita Еїdwardi -- 5. Reading through the Conquest -- 6. The Women of 1066 -- 7. Edith Becomes Matilda -- Conclusion. Endings and Beginnings. 
880 |6 520-01/(Q  |a "In England in Europe, Elizabeth Tyler focuses on two histories: the Encomium Emmae Reginae, written for Emma the wife of ©їthelred II and Cnut, and The Life of King Edward, written for Edith the wife of Edward the Confessor. Tyler offers a bold literary and historical analysis of both texts and reveals how the two queens actively engaged in the patronage of history-writing and poetry to exercise their royal authority. Tyler's innovative combination of attention to intertextuality and regard for social networks emphasizes the role of women at the centre of Anglo-Saxon and Anglo-Norman court literature. In doing so, she argues that both Emma and Edith's negotiation of conquests and factionalism created powerful models of queenly patronage that were subsequently adopted by individuals such as Queen Margaret of Scotland, Countess Adela of Blois, Queen Edith/Matilda, and Queen Adeliza. England in Europe sheds new light on the connections between English, French, and Flemish history-writing and poetry and illustrates the key role Anglo-Saxon literary culture played in European literature long after 1066"--  |c Provided by publisher 
955 |a JSTOR Open Access ebooks 
994 |a 92  |b TXA 
999 f f |s 3cc87480-b7fc-4e92-900f-59ced51e2fc1  |i 8f6734b2-416b-4841-a972-122a1b79c779  |t 0 
952 f f |a Texas A&M University  |b College Station  |c Electronic Resources  |d Available Online  |t 0  |e DA160 .T95 2017eb  |h Library of Congress classification 
998 f f |a DA160 .T95 2017eb  |t 0  |l Available Online